Europa - América Latina: el desafío de la cooperación

Uloženo v:
Podrobná bibliografie
Korporativní autor: PREAL (Autor)
Médium: Kniha
Jazyk:španělština
Vydáno: Madrid Pablo Iglesias 1988
Témata:
Tagy: Přidat tag
Žádné tagy, Buďte první, kdo vytvoří štítek k tomuto záznamu!

MARC

LEADER 00000nam a2200000 a 4500
001 UCO8034
003 CL-VaPUC
008 001124e19880000SP |||||||||||||||||spa|d
082 0 4 |a 327.408  |b PRE  |2 21 
110 2 |a PREAL  |e author  |9 452873 
245 1 0 |a Europa - América Latina: el desafío de la cooperación 
300 |a 226 p 
942 |c BK 
945 |d 20001124 00:00:00  |a crobeson 
260 |a Madrid  |b Pablo Iglesias  |c 1988 
500 |a Donación del profesor Manfred Wilhelmy von Wolff 
650 0 |a Cooperación internacional  |9 255447 
650 0 |a Relaciones Internacionales  |9 255740 
650 7 |a ORGANIZACIONES NO GUBERNAMENTALES  |2 CL-VaPUC  |9 452874 
650 0 |a Desarrollo económico y social   |9 256320 
651 0 |a Europa  |9 255156 
651 0 |a América Latina   |9 255027 
583 |a last modification  |c 20001124 00:00:00  |k Rodrigo Vera 
999 |c 292845  |d 292843 
952 |0 0  |1 0  |4 0  |6 327_408000000000000_PRE_1988  |7 0  |8 A  |9 343919  |a BIBHIS  |b BIBHIS  |d 2019-11-20  |i 1235567  |o 327.408 PRE 1988  |p 1235567  |r 2025-01-20  |w 2019-11-20  |y BK  |k HIS